000 00344 a2200157 4500
001 75611
020 _a978850222588
040 _cAnchieta - Colégio São Paulo
100 _aLopes, Sônia
240 1 0 _aConecte Bio
_lpor
245 1 0 _aConecte Bio
300 _a784
362 0 _a2014
650 4 _aCiência da vida - Biologia
942 _cBK
999 _c75611
_d75611